KAS International reports resources, energy and law
Na minha lista:
| Formato: | Periódico |
|---|---|
| Idioma: | inglês |
| Publicado em: |
Berlin
Konrad-Adenauer-Stiftung
2011
|
| Assuntos: | |
| Tags: |
Sem tags, seja o primeiro a adicionar uma tag!
|
MARC
| LEADER | 00000nas2a2200000 4500 | ||
|---|---|---|---|
| 001 | 0212331 | ||
| 005 | 20160209091851.8 | ||
| 022 | |a 0177-7521 | ||
| 041 | 0 | |a eng | |
| 044 | |a DE | ||
| 245 | 1 | 0 | |a KAS International reports |b resources, energy and law |
| 264 | 1 | |a Berlin |b Konrad-Adenauer-Stiftung |c 2011 | |
| 773 | 0 | |w eu_un_cat*0071597 | |
| 610 | 2 | 0 | |a politika medzinárodná |
| 610 | 2 | 0 | |a vzťahy medzinárodné |
| 610 | 2 | 0 | |a kooperácia hospodárska medzinárodná |